Estudios literarios
-д хадгалсан:
| Формат: | Ном |
|---|---|
| Хэл сонгох: | испани |
| Хэвлэсэн: |
Buenos Aires
Espasa-Calpe
1952
|
| Хэвлэл: | 7a. ed |
| Цуврал: | Colección Austral, 28
|
| Нөхцлүүд: | |
| Шошгууд: |
Шошго нэмэх
Шошго байхгүй, Энэхүү баримтыг шошголох эхний хүн болох!
|
MARC
| LEADER | 00000nam a2200000 a 4500 | ||
|---|---|---|---|
| 001 | UCX5432 | ||
| 003 | CL-VaPUC | ||
| 008 | 921113e19520000AG |||||||||||||||||spa|d | ||
| 082 | 0 | 4 | |a 860.9 |b MEN |2 21 |
| 245 | 1 | 0 | |a Estudios literarios |
| 250 | |a 7a. ed | ||
| 300 | |a 274 p | ||
| 942 | |c BK | ||
| 945 | |d 19921113 00:00:00 | ||
| 260 | |a Buenos Aires |b Espasa-Calpe |c 1952 | ||
| 650 | 0 | |a Literatura española |9 306261 | |
| 650 | 0 | |a Historia y crítica |9 257407 | |
| 650 | 0 | |a Poesía española |9 264938 | |
| 583 | |a last modification |c 19921113 00:00:00 |k Rodrigo Vera | ||
| 490 | 0 | |a Colección Austral, 28 | |
| 999 | |c 225680 |d 225678 | ||
| 952 | |0 0 |1 0 |4 0 |6 860_900000000000000_MEN_1952 |7 0 |8 A |9 223425 |a BIBEDU |b BIBEDU |d 2019-11-15 |i 2922479 |o 860.9 MEN 1952 |p 2922479 |r 2019-11-15 |w 2019-11-15 |y BK |k LIT | ||